000 00426nam a2200169 a 4500
001 0000-8854
003 ELIB.Books
008 110520 1980
035 _a(ELIB.Books)0000-9000
082 _a242
_bShe
100 _aShedd, Clarlie W.
245 _aTime for all Things
260 _bNashville: Abingdon Press
_c1980
650 _aDevotional Theology
942 _2ddc
_cBK
998 _cbat
_e2011-05-20
999 _c8854
_d8854